| 000 | 01864nab a2200265 ab4500 | ||
|---|---|---|---|
| 005 | 20260225134138.0 | ||
| 008 | 991125c2015 mx fr p 000 0 spa d | ||
| 035 | _aUPN01000211513 | ||
| 049 | _aART | ||
| 003 | |||
| 040 |
_aMX-MxUPN _bspa _cMX-MxUPN _eaacr |
||
| 100 | 1 | _aAgudo Sanchíz, Alejandro | |
| 245 | 1 | 3 | _aLa vida social de los documentos de las políticas públicas |
| 520 | 3 |
_aEn el artículo se retoman algunas propuestas de la etnografía de los programas de desarrollo, así como del análisis de las políticas públicas para profundizar en aspectos de estas últimas que han sido tradicionalmente poco explorados: la trayectoria de ciertos conceptos clave y el papel desempeñado por los mismos en el continuo proceso de construcción de la política. Se muestra cómo las disputas y negociaciones de este proceso quedan plasmadas en la formulación y los documentos normativos de la política, los cuales a su vez buscan limitar futuros desacuerdos sobre significados e influir en la formación de consensos en torno a la factibilidad y éxito de la acción pública. El autor combina fuentes documentales con un análisis de su experiencia directa como consultor antropológico en las evaluaciones de los efectos del programa Oportunidades entre la población objetivo, las cuales ilustran la interacción de intereses, argumentos y puntos de vista divergentes que dan lugar a los textos de las políticas públicas. _cNueva antropología. |
|
| 530 | _a Disponibilidad en formato electrónico. | ||
| 653 | 0 | _aPolíticas públicas | |
| 653 | 0 | _aPrograma Oportunidades | |
| 653 | 0 | _aEtnografía | |
| 653 | 0 | _aPobreza | |
| 773 |
_gVol. 38, no. 83 (2015), p. 123-146 _tNueva Antropología _x0185-0636 |
||
| 856 | 4 | _uhttps://dialnet.unirioja.es/ejemplar/424696 | |
| 902 | _aLeonor Sotres/250226 | ||
| 905 | _aArticulo | ||
| 942 | _cAI | ||
| 999 |
_c183614 _d183614 |
||